<?xml version="1.0" encoding="UTF-8"?>
<record
    xmlns:xsi="http://www.w3.org/2001/XMLSchema-instance"
    xsi:schemaLocation="http://www.loc.gov/MARC21/slim http://www.loc.gov/standards/marcxml/schema/MARC21slim.xsd"
    xmlns="http://www.loc.gov/MARC21/slim">

  <leader>03452ncm2a2200409   4500</leader>
  <controlfield tag="001">RU\NLR\ONIZ\298620</controlfield>
  <controlfield tag="005">20250625090121.0</controlfield>
  <datafield tag="035" ind1=" " ind2=" ">
    <subfield code="a">(NLR Aleph) 022017854</subfield>
  </datafield>
  <datafield tag="071" ind1="2" ind2="0">
    <subfield code="a">&#x417;&#x430;&#x43A;. 870</subfield>
  </datafield>
  <datafield tag="090" ind1=" " ind2=" ">
    <subfield code="a">12503185</subfield>
    <subfield code="c">12503185</subfield>
  </datafield>
  <datafield tag="100" ind1=" " ind2=" ">
    <subfield code="a">20230719d1928    |||y0rusy50      ca</subfield>
  </datafield>
  <datafield tag="101" ind1="0" ind2=" ">
    <subfield code="a">rus</subfield>
  </datafield>
  <datafield tag="102" ind1=" " ind2=" ">
    <subfield code="a">RU</subfield>
  </datafield>
  <datafield tag="125" ind1=" " ind2=" ">
    <subfield code="a">cx</subfield>
  </datafield>
  <datafield tag="135" ind1=" " ind2=" ">
    <subfield code="a">crcn 024anaba</subfield>
  </datafield>
  <datafield tag="145" ind1="0" ind2=" ">
    <subfield code="a">b</subfield>
  </datafield>
  <datafield tag="200" ind1="1" ind2=" ">
    <subfield code="a">&#x410;&#x43B;&#x44C;&#x431;&#x43E;&#x43C; &#x2116; 1</subfield>
    <subfield code="b">&#x41D;&#x43E;&#x442;&#x44B;</subfield>
    <subfield code="f">&#x441;&#x43E;&#x441;&#x442;&#x430;&#x432;&#x438;&#x43B; &#x438; &#x440;&#x435;&#x434;&#x430;&#x43A;&#x442;&#x438;&#x440;&#x43E;&#x432;&#x430;&#x43B; &#x414;. &#x421;. &#x411;&#x43B;&#x43E;&#x43A;</subfield>
  </datafield>
  <datafield tag="203" ind1=" " ind2=" ">
    <subfield code="a">&#x41C;&#x443;&#x437;&#x44B;&#x43A;&#x430;</subfield>
    <subfield code="b">&#x437;&#x43D;&#x430;&#x43A;&#x43E;&#x432;&#x430;&#x44F;</subfield>
    <subfield code="b">&#x432;&#x438;&#x437;&#x443;&#x430;&#x43B;&#x44C;&#x43D;&#x430;&#x44F;</subfield>
    <subfield code="c">&#x43D;&#x435;&#x43F;&#x43E;&#x441;&#x440;&#x435;&#x434;&#x441;&#x442;&#x432;&#x435;&#x43D;&#x43D;&#x430;&#x44F;</subfield>
  </datafield>
  <datafield tag="210" ind1=" " ind2=" ">
    <subfield code="a">&#x41C;&#x43E;&#x441;&#x43A;&#x432;&#x430;</subfield>
    <subfield code="c">&#x422;&#x435;&#x430;-&#x43A;&#x438;&#x43D;&#x43E;-&#x43F;&#x435;&#x447;&#x430;&#x442;&#x44C;</subfield>
    <subfield code="d">1928</subfield>
  </datafield>
  <datafield tag="215" ind1=" " ind2=" ">
    <subfield code="a">31, [1] &#x441;.</subfield>
    <subfield code="d">32 &#x441;&#x43C;</subfield>
  </datafield>
  <datafield tag="313" ind1=" " ind2=" ">
    <subfield code="a">&#x421;&#x438;&#x441;&#x442;&#x435;&#x43C;&#x430;&#x442;&#x438;&#x437;&#x430;&#x446;&#x438;&#x44F; &#x434;&#x43E;&#x43A;&#x443;&#x43C;&#x435;&#x43D;&#x442;&#x430; &#x43F;&#x440;&#x43E;&#x432;&#x435;&#x434;&#x435;&#x43D;&#x430; &#x43F;&#x43E; &#x438;&#x437;&#x434;&#x430;&#x43D;&#x438;&#x44E; - &#x41C;&#x435;&#x442;&#x43E;&#x434;&#x438;&#x43A;&#x430; &#x43A;&#x43B;&#x430;&#x441;&#x441;&#x438;&#x444;&#x438;&#x446;&#x438;&#x440;&#x43E;&#x432;&#x430;&#x43D;&#x438;&#x44F; &#x43C;&#x443;&#x437;&#x44B;&#x43A;&#x430;&#x43B;&#x44C;&#x43D;&#x44B;&#x445; &#x43F;&#x440;&#x43E;&#x438;&#x437;&#x432;&#x435;&#x434;&#x435;&#x43D;&#x438;&#x439; (&#x43D;&#x43E;&#x442;&#x43D;&#x44B;&#x445; &#x438;&#x437;&#x434;&#x430;&#x43D;&#x438;&#x439;) &#x43F;&#x43E; &#x442;&#x430;&#x431;&#x43B;&#x438;&#x446;&#x430;&#x43C; &#x411;&#x438;&#x431;&#x43B;&#x438;&#x43E;&#x442;&#x435;&#x447;&#x43D;&#x43E;-&#x431;&#x438;&#x431;&#x43B;&#x438;&#x43E;&#x433;&#x440;&#x430;&#x444;&#x438;&#x447;&#x435;&#x441;&#x43A;&#x438;&#x445; &#x43A;&#x43B;&#x430;&#x441;&#x441;&#x438;&#x444;&#x438;&#x43A;&#x430;&#x446;&#x438;&#x439; : &#x43C;&#x435;&#x442;&#x43E;&#x434;. &#x440;&#x435;&#x43A;&#x43E;&#x43C;&#x435;&#x43D;&#x434;&#x430;&#x446;&#x438;&#x438; / &#x413;&#x43E;&#x441;. &#x431;-&#x43A;&#x430; &#x421;&#x421;&#x421;&#x420; &#x438;&#x43C;. &#x412;.&#x418;. &#x41B;&#x435;&#x43D;&#x438;&#x43D;&#x430;.- &#x41C;., 1977. &#x418;&#x43D;&#x434;&#x435;&#x43A;&#x441;&#x443; &#x411;&#x411;&#x41A; &#x43C;&#x435;&#x442;&#x43E;&#x434;&#x438;&#x447;&#x435;&#x441;&#x43A;&#x438;&#x445; &#x440;&#x435;&#x43A;&#x43E;&#x43C;&#x435;&#x43D;&#x434;&#x430;&#x446;&#x438;&#x439; &#x43F;&#x440;&#x438;&#x441;&#x432;&#x430;&#x438;&#x432;&#x430;&#x435;&#x442;&#x441;&#x44F; &#x43A;&#x43E;&#x434; &#x411;&#x411;&#x41A; &#x434;&#x43B;&#x44F; &#x43D;&#x430;&#x443;&#x447;&#x43D;&#x44B;&#x445; &#x431;&#x438;&#x431;&#x43B;&#x438;&#x43E;&#x442;&#x435;&#x43A; - LBC/SL</subfield>
  </datafield>
  <datafield tag="325" ind1=" " ind2=" ">
    <subfield code="a">&#x41A;&#x43E;&#x43F;&#x438;&#x44F; &#x434;&#x43E;&#x441;&#x442;&#x443;&#x43F;&#x43D;&#x430; &#x432; &#x42D;&#x43B;&#x435;&#x43A;&#x442;&#x440;&#x43E;&#x43D;. &#x431;-&#x43A;&#x435; &#x420;&#x41D;&#x411;</subfield>
  </datafield>
  <datafield tag="327" ind1="1" ind2=" ">
    <subfield code="a">&#x2116; 1. &#x41F;&#x435;&#x441;&#x43D;&#x44C; &#x43B;&#x44E;&#x431;&#x432;&#x438; / &#x411;&#x435;&#x43A;&#x43A;&#x435; ; &#x2116; 2. &#x41F;&#x440;&#x438;&#x433;&#x43E;&#x432;&#x43E;&#x440; &#x43E;&#x442;&#x447;&#x430;&#x44F;&#x43D;&#x438;&#x435; / &#x411;&#x435;&#x43A;&#x43A;&#x435;. &#x2116; 3 &#x421;&#x43C;&#x435;&#x440;&#x442;&#x44C; / [&#x424;.] &#x428;&#x43E;&#x43F;&#x435;&#x43D;. &#x2116; 4. &#x41E;&#x43F;&#x430;&#x441;&#x43D;&#x43E;&#x441;&#x442;&#x44C; - &#x434;&#x443;&#x448;&#x435;&#x432;&#x43D;&#x43E;&#x435; &#x432;&#x43E;&#x43B;&#x43D;&#x435;&#x43D;&#x438;&#x435; / &#x411;&#x435;&#x43A;&#x43A;&#x435; ; &#x2116; 5. &#x412;&#x43E;&#x441;&#x43F;&#x43E;&#x43C;&#x438;&#x43D;&#x430;&#x43D;&#x438;&#x435; / &#x411;&#x435;&#x43A;&#x43A;&#x435; ; &#x2116; 6 &#x421;&#x442;&#x440;&#x430;&#x434;&#x430;&#x43D;&#x438;&#x435; - &#x431;&#x443;&#x440;&#x43D;&#x43E;&#x435; &#x43E;&#x431;'&#x44F;&#x441;&#x43D;&#x435;&#x43D;&#x438;&#x435; / &#x411;&#x435;&#x43A;&#x43A;&#x435; ; &#x2116; 7. &#x41F;&#x440;&#x438;&#x437;&#x440;&#x430;&#x43A;&#x438; - &#x443;&#x433;&#x440;&#x44B;&#x437;&#x435;&#x43D;&#x438;&#x44F; &#x441;&#x43E;&#x432;&#x435;&#x441;&#x442;&#x438; / &#x411;&#x435;&#x43A;&#x43A;&#x435; ; &#x2116; 8. &#x41D;&#x430;&#x43F;&#x430;&#x434;&#x435;&#x43D;&#x438;&#x435; - &#x443;&#x431;&#x438;&#x439;&#x441;&#x442;&#x432;&#x43E; / &#x411;&#x435;&#x43A;&#x43A;&#x435; ; &#x2116; 9. &#x41A;&#x430;&#x442;&#x430;&#x441;&#x442;&#x440;&#x43E;&#x444;&#x430; &#x43D;&#x430; &#x43C;&#x43E;&#x440;&#x435; - &#x431;&#x443;&#x440;&#x44F; / &#x411;&#x435;&#x43A;&#x43A;&#x435; ; &#x2116; 10. &#x411;&#x443;&#x440;&#x44F; &#x432; &#x43F;&#x435;&#x441;&#x43A;&#x430;&#x445; (&#x441;&#x430;&#x43C;&#x443;&#x43C;) - &#x43F;&#x440;&#x435;&#x441;&#x43B;&#x435;&#x434;&#x43E;&#x432;&#x430;&#x43D;&#x438;&#x435; / &#x411;&#x435;&#x43A;&#x43A;&#x435; ; &#x2116; 11. "&#x41D;&#x430; &#x43F;&#x43E;&#x43C;&#x43E;&#x449;&#x44C;!" - &#x433;&#x440;&#x43E;&#x437;&#x430;-&#x43F;&#x435;&#x440;&#x435;&#x441;&#x442;&#x440;&#x435;&#x43B;&#x43A;&#x430; / &#x411;&#x435;&#x43A;&#x43A;&#x435;. &#x2116; 12. &#x413;&#x430;&#x432;&#x43E;&#x442;, - &#x438;&#x434;&#x438;&#x43B;&#x438;&#x44F; - &#x438;&#x433;&#x440;&#x44B; - &#x43A;&#x43E;&#x43C;&#x435;&#x434;&#x438;&#x44F; / &#x41A;&#x43B;&#x435;&#x439;&#x43D;. &#x2116; 13. &#x41C;&#x430;&#x43B;&#x435;&#x43D;&#x44C;&#x43A;&#x430;&#x44F; &#x431;&#x430;&#x43B;&#x435;&#x442;&#x43D;&#x430;&#x44F; &#x441;&#x446;&#x435;&#x43D;&#x430; / &#x411;&#x435;&#x43A;&#x43A;&#x435;. &#x2116; 14. &#x42F;&#x43F;&#x43E;&#x43D;&#x441;&#x43A;&#x438;&#x439; &#x43C;&#x430;&#x440;&#x448; / &#x418;&#x43E;&#x441;&#x445;&#x438;&#x442;&#x43E;&#x43C;&#x43E;. &#x2116; 15. &#x412;&#x43E;&#x441;&#x442;&#x43E;&#x447;&#x43D;&#x430;&#x44F; &#x43C;&#x435;&#x43B;&#x43E;&#x434;&#x438;&#x44F;-&#x433;&#x440;&#x443;&#x441;&#x442;&#x44C; / &#x41F;&#x43E;&#x43F;&#x43F;&#x438;. &#x2116; 16. 1905 &#x433;&#x43E;&#x434; : &#x440;&#x435;&#x432;&#x43E;&#x43B;&#x44E;&#x446;. &#x448;&#x435;&#x441;&#x442;&#x432;&#x438;&#x435;-&#x43D;&#x430;&#x43F;&#x430;&#x434;&#x435;&#x43D;&#x438;&#x435; &#x43F;&#x43E;&#x43B;&#x438;&#x446;&#x438;&#x438; - &#x430;&#x43F;&#x43E;&#x444;&#x435;&#x43E;&#x437; "&#x41A; &#x441;&#x432;&#x435;&#x442;&#x43B;&#x43E;&#x43C;&#x443; &#x431;&#x443;&#x434;&#x443;&#x449;&#x435;&#x43C;&#x443;" / &#x414;. &#x414;&#x443;&#x431;&#x438;&#x43D;&#x441;&#x43A;&#x438;&#x439;.</subfield>
  </datafield>
  <datafield tag="461" ind1=" " ind2="0">
    <subfield code="1">001RU\NLR\ONIZ\298618</subfield>
    <subfield code="1">2001#$a&#x41A;&#x438;&#x43D;&#x43E;-&#x43C;&#x443;&#x437;&#x44B;&#x43A;&#x430;$b&#x41D;&#x43E;&#x442;&#x44B;$e&#x43D;&#x43E;&#x442;&#x43D;&#x44B;&#x435; &#x430;&#x43B;&#x44C;&#x431;&#x43E;&#x43C;&#x44B;$e&#x43F;&#x43E;&#x441;&#x43E;&#x431;&#x438;&#x435; &#x434;&#x43B;&#x44F; &#x43A;&#x438;&#x43D;&#x43E;-&#x438;&#x43B;&#x43B;&#x44E;&#x441;&#x442;&#x440;&#x430;&#x442;&#x43E;&#x440;&#x43E;&#x432;$v&#x2116; 1</subfield>
    <subfield code="9">12503183</subfield>
    <subfield code="c">&#x41B;&#x435;&#x43D;&#x438;&#x43D;&#x433;&#x440;&#x430;&#x434;</subfield>
    <subfield code="d">1928-1930</subfield>
    <subfield code="o">&#x43D;&#x43E;&#x442;&#x43D;&#x44B;&#x435; &#x430;&#x43B;&#x44C;&#x431;&#x43E;&#x43C;&#x44B; : &#x43F;&#x43E;&#x441;&#x43E;&#x431;&#x438;&#x435; &#x434;&#x43B;&#x44F; &#x43A;&#x438;&#x43D;&#x43E;-&#x438;&#x43B;&#x43B;&#x44E;&#x441;&#x442;&#x440;&#x430;&#x442;&#x43E;&#x440;&#x43E;&#x432;</subfield>
    <subfield code="t">&#x41A;&#x438;&#x43D;&#x43E;-&#x43C;&#x443;&#x437;&#x44B;&#x43A;&#x430;: &#x41D;&#x43E;&#x442;&#x44B;</subfield>
    <subfield code="v">&#x2116; 1</subfield>
  </datafield>
  <datafield tag="702" ind1=" " ind2="1">
    <subfield code="9">z01790</subfield>
    <subfield code="a">&#x411;&#x43B;&#x43E;&#x43A;</subfield>
    <subfield code="b">&#x414;. &#x421;.</subfield>
    <subfield code="f">1888-1948</subfield>
    <subfield code="g">&#x414;&#x430;&#x432;&#x438;&#x434; &#x421;&#x435;&#x43C;&#x435;&#x43D;&#x43E;&#x432;&#x438;&#x447;</subfield>
    <subfield code="4">340</subfield>
    <subfield code="7">ca</subfield>
  </datafield>
  <datafield tag="790" ind1=" " ind2="1">
    <subfield code="9">z01702</subfield>
    <subfield code="a">Blok</subfield>
    <subfield code="b">D. S.</subfield>
    <subfield code="f">1888-1948</subfield>
    <subfield code="g">David Semjonovi&#x10D;</subfield>
    <subfield code="4">340</subfield>
    <subfield code="7">ba</subfield>
  </datafield>
  <datafield tag="801" ind1=" " ind2="0">
    <subfield code="a">RU</subfield>
    <subfield code="b">NLR</subfield>
    <subfield code="c">20230719</subfield>
    <subfield code="g">PSBO</subfield>
  </datafield>
  <datafield tag="801" ind1=" " ind2="1">
    <subfield code="a">RU</subfield>
    <subfield code="b">NLR</subfield>
    <subfield code="c">20230719</subfield>
    <subfield code="2">rusmarc</subfield>
  </datafield>
  <datafield tag="801" ind1=" " ind2="2">
    <subfield code="a">RU</subfield>
    <subfield code="b">NLR</subfield>
    <subfield code="c">20230802</subfield>
  </datafield>
  <datafield tag="852" ind1=" " ind2=" ">
    <subfield code="a">NLR</subfield>
    <subfield code="b">&#x41C;</subfield>
    <subfield code="j">255-4/27(1)</subfield>
    <subfield code="p">135494</subfield>
    <subfield code="t">1</subfield>
  </datafield>
  <datafield tag="942" ind1=" " ind2=" ">
    <subfield code="c">SCORE</subfield>
  </datafield>
  <datafield tag="980" ind1=" " ind2=" ">
    <subfield code="a">NB</subfield>
  </datafield>
  <datafield tag="980" ind1=" " ind2=" ">
    <subfield code="a">ONIZ</subfield>
  </datafield>
  <datafield tag="981" ind1="2" ind2="4">
    <subfield code="a">(24) &#x41D;&#x43E;&#x442;&#x43D;&#x44B;&#x435; &#x438;&#x437;&#x434;&#x430;&#x43D;&#x438;&#x44F; &#x438; &#x430;&#x443;&#x434;&#x438;&#x43E;&#x437;&#x430;&#x43F;&#x438;&#x441;&#x438;</subfield>
  </datafield>
  <datafield tag="995" ind1=" " ind2=" ">
    <subfield code="5">2023-07-19</subfield>
    <subfield code="b">NLR01</subfield>
    <subfield code="c">NLR01</subfield>
    <subfield code="e">ONIZ</subfield>
    <subfield code="k">255-4/27(1) 255-4/27(1)</subfield>
    <subfield code="o">0</subfield>
    <subfield code="r">SCORE</subfield>
    <subfield code="s">2554271_2554271</subfield>
  </datafield>
</record>
